Baudelaire (Record no. 187308)
[ view plain ]
| 000 -LEADER | |
|---|---|
| campo de control de longitud fija | 00889nam a2200217 i 4500 |
| 001 - NÚMERO DE CONTROL | |
| campo de control | 187308 |
| 003 - IDENTIFICADOR DE NÚMERO DE CONTROL | |
| campo de control | SpMaBN |
| 005 - FECHA Y HORA DE LA ÚLTIMA TRANSACCIÓN | |
| campo de control | 20251124170356.0 |
| 008 - DATOS DE LONGITUD FIJA--INFORMACIÓN GENERAL | |
| campo de control de longitud fija | 170531s1942 sp af |||| |bspa d |
| 080 ## - NÚMERO DE LA CLASIFICACIÓN DECIMAL UNIVERSAL | |
| Número de la Clasificación Decimal Universal | 929 Baudelaire, Charles |
| 100 1# - ENTRADA PRINCIPAL--NOMBRE DE PERSONA | |
| Nombre de persona | Mauclair, Camille, |
| Fechas asociadas al nombre | 1872-1945 |
| 9 (RLIN) | 79178 |
| 245 10 - MENCIÓN DEL TÍTULO | |
| Título | Baudelaire |
| Resto del título | : vida atormentada / |
| Mención de responsabilidad, etc. | Camille Mauclair [seud.] ; traducción de M. Agromayor ; ilustraciones de Narro. |
| 260 ## - PUBLICACIÓN, DISTRIBUCIÓN, ETC. | |
| Lugar de publicación, distribución, etc. | Barcelona : |
| Nombre del editor, distribuidor, etc. | Iberia : |
| -- | Joaquín Gil, |
| Fecha de publicación, distribución, etc. | [1942] ( |
| Fabricante | Agustín Núñez) |
| 300 ## - DESCRIPCIÓN FÍSICA | |
| Extensión | 190 p., [8] p. de lám. : |
| Otras características físicas | il. ; |
| Dimensiones | 20 cm. |
| 490 1# - MENCIÓN DE SERIE | |
| Mención de serie | La estrella de mar |
| 600 14 - PUNTO DE ACCESO ADICIONAL DE MATERIA--NOMBRE DE PERSONA | |
| Nombre de persona | Baudelaire, Charles- |
| Subdivisión de forma | Biografías. |
| 9 (RLIN) | 144104 |
| 700 1# - ENTRADA AGREGADA--NOMBRE PERSONAL | |
| Nombre de persona | Narro, José, |
| Fechas asociadas al nombre | 1902- |
| 9 (RLIN) | 84950 |
| 830 0# - PUNTO DE ACCESO ADICIONAL DE SERIE-TÍTULO UNIFORME | |
| Título uniforme | La estrella del mar |
| 9 (RLIN) | 186683 |
| 852 ## - LOCALIZACIÓN | |
| Ubicación | ES-MaACL |
| Número de control de estantería | L-31656 |
| Nota libre | - enc. cart. |
| -- | . - Donat. herederos de la bibl. de Mª del Pilar Costa Palacín |
| Estatus retirado | Estado de pérdida | Estado de daño | No para préstamo | Biblioteca de origen | Biblioteca actual | Ubicación en estantería | Fecha de adquisición | Fuente de adquisición | Total de préstamos | Signatura topográfica completa | Código de barras | Visto por última vez | Precio de reemplazo | Tipo de ítem Koha |
|---|---|---|---|---|---|---|---|---|---|---|---|---|---|---|
| Biblioteca del Ateneo de Madrid | Biblioteca del Ateneo de Madrid | Depósito 2 | 31/05/2017 | L-31656 | 1197670 | 23/02/2023 | 23/02/2023 | Libro impreso |
